| 000 | 00422cam a2200169ua 4500 | ||
|---|---|---|---|
| 020 | _cRs.1.00 | ||
| 041 |
_amal _h |
||
| 082 |
_a894.8122 _bMAD/PR |
||
| 100 | _aMadhavan Pillai, C . | ||
| 245 |
_aPranaya bomb / _cC.Madhavan Pillai. _hTextual Documents |
||
| 260 |
_aAleppey : _bVijayabhanu Publishers , _c1953. |
||
| 300 | _a116 ; . | ||
| 365 | _aRs.1.00 | ||
| 504 | _a | ||
| 942 | _cBK | ||
| 999 |
_c1203 _d1203 |
||